| 000 | 00496nam a22001575i 4500 | ||
|---|---|---|---|
| 001 | 162671 | ||
| 003 | ES-MaACL | ||
| 005 | 20230906212558.0 | ||
| 008 | 050621s1889 ag | |||||||| ||spa d | ||
| 040 |
_aCAM _bspa _cCAM |
||
| 100 | 1 |
_aPuelma Tupper, Guillermo. _9131401 |
|
| 245 | 1 | 3 |
_aUn poema / _cG. Puelma Tupper. |
| 260 |
_aBuenos Aires, _c1889 ( _fImprenta de Pablo E. Coni é hijos) |
||
| 300 |
_aXXVIII, 154 [i.e. 254] p. ; _c19 cm. |
||
| 852 |
_aES-MaACL _jG-7731 _z-- Enc. pasta española |
||
| 999 |
_c162671 _d162671 |
||